000 00570nam a22001817a 4500
005 20251108165154.0
008 250721s1992 xx 000 0 ara d
082 1 4 _a366.1/احم
100 1 _aعوف، أحمد محمد
245 1 0 _aالمؤامرات الخفية ضد الإسلام و المسيحية /
264 1 _aالقاهرة :
_bالزهراء للإعلام العربي،
_c1992.
300 _a201ص
650 1 7 _aالماسونية
650 1 7 _aالصهيونية
650 1 7 _aالفرق الإسلامية
942 _2ddc
_cBK
999 _c21228
_d21228